Statistiken für Berühmte Niederländer

Klicken Sie hier um das Quiz zu spielen!

Allgemein

  • Dieses Quiz wurde 82 mal gespielt
  • Das Durchschnittsergebnis liegt bei 8 aus 20

Antwortstatistiken

HintAntwort% Korrekt
Maler: Sonnenblumen, Selbstporträt mit verbundenem Ohr und Pfeife, SternennachtVincent van Gogh
88%
Niederländische Königin von 1980 bis 2013Beatrix
64%
Niederländischer Anführer im 80-Jährigem-Krieg, Statthalter der NiederlandeWilhelm I.
64%
Fußball-Mittelfeldspieler: 2004–2007 FC Chelsea, 2007–2009 Real Madrid, 2009–2019 Bayern MünchenArjen Robben
60%
Rock-Gitarrist: Jump, Panama, EruptionEddie Van Halen
55%
Ministerpräsident seit 2010, Chef der VVDMark Rutte
52%
Barock-Maler: Die Anatomie des Dr. Tulp, Die Nachtwache, Das Gastmahl des BelsazarRembrandt van Rijn
52%
Aktuell amtierender König der NiederlandeWillem-Alexander
52%
Fernsehmoderator: Am laufenden Band, Die verflixte 7, Herzblatt; Sänger: Wann wird’s mal wieder richtig Sommer?Rudi Carrell
51%
Humanistischer Philosoph und Namensgeber eines europäischen StudentenaustauschprogrammsErasmus von Rotterdam
49%
Fußball-Spieler: 64–73 Ajax, 73–78 Barca; Trainer: 85–88 Ajax, 88–96 Barca, Namensgeber von Ajaxs StadionJohan Cruyff
45%
Fußball-Stürmer: 81-87 Ajax, 87 - 95 Milan; Trainer: Niederlande 2004 - 2008, Europameister und Spieler des Tuniers 88Marco van Basten
37%
Barock-Maler mit Vorliebe für kurvige Frauen: Das Große Jüngste Gericht, Der Raub der Töchter des Leukippos, Der Höllensturz der VerdammtenPeter Paul Rubens
31%
Barock-Maler: Dienstmagd mit Milchkrug, Das Mädchen mit dem Perlenohrring, Ansicht von DelftJan Vermeer
28%
DJ, „King of Trance“: This Is What It Feels Like, Blah Blah BlahArmin van Buuren
19%
Forscher, Erbauer von Mikroskopen und Entdecker der Bakterien und EinzellerAntoni van Leeuwenhoek
16%
Rechtspopulistischer Politiker und Vorsitzender der Partij voor de VrijheidGeert Wilders
16%
Jüdischer Philosoph, Pantheist, Rationalist, Verfasser der "Ethica, ordine geometrico demonstrata", beeinflusste den Deutschen IdealismusBaruch de Spinoza
12%
Physiker, entwickelte die Wellentheorie des Lichtes, Erfinder der Pendeluhr, bestimmte die Gesetze des elastischen StoßesChristiaan Huygens
9%
Gabber-DJ: Rainbow in the Sky, Turbo, The Promised Land, Luv U MorePaul Elstak
6%

Verteilung der Resultate

Perzentil nach korrekt beantworteten Fragen

Anzahl Personen mit jedem Resultat

Ihre Resultats-Entwicklung

Sie haben dieses Quiz noch nicht gespielt